00998 a2200301 4500502002400000260001500024653001400039100002200053041000700075260003100082300001500113245008200128650001700210650001800227650002800245650001300273650002200286260002100308300002900329130000700358710002600365040001400391041000700405100008900412651001000501520016700511020001800678 aThèse de Doctorat aWageningen1 aAgronomie aASIEDU, Kofi Fred bEn bUniversité de Wageningen aiii-222 p. aThe effect of privatization on wages and job satisfaction : the case of Ghana aREMUNERATION aPRIVATISATION aSATISFACTION DU TRAVAIL aECONOMIE aWORK SATISFACTION c27 novembre 2002 bIll., Couv. ill. ; 24 cm lEn aWageningen University aSupport  bEn uAbomey-Calavi, Université d'Abomey-Calavi, Faculté des Sciences Agronomiques, Bj aGHANA aThe thesis examines the impact of privatization on wages and job satisfaction in selected urban-based enterprises in Ghana. The fear and anxiety of workers in ... a90-5808-757-3